| 000 | 00468nam a2200145Ia 4500 | ||
|---|---|---|---|
| 008 | 151015s9999 xx 000 0 und d | ||
| 020 | _a812933168 | ||
| 050 | _aT 56.P355 2000 | ||
| 245 | _aPascale T. Richard | ||
| 250 | _a_Surfing the Edge of Chaos The laws of Nature and the new laws of business Richard T. Pascale | ||
| 300 | _aNew York Crown business 2000 | ||
| 500 | _aInclude index | ||
| 650 | _a_Management science | ||
| 700 | _a^d20120814 10:05:42^okorir | ||
| 999 |
_c3385 _d3385 |
||